David Copperfield / (Record no. 174557)

000 -LEADER
fixed length control field 01599cam a2200385 a 4500
001 - CONTROL NUMBER
control field 1072789
003 - CONTROL NUMBER IDENTIFIER
control field Nust
005 - DATE AND TIME OF LATEST TRANSACTION
control field 20170131160952.0
008 - FIXED-LENGTH DATA ELEMENTS--GENERAL INFORMATION
fixed length control field 910503r1991 nyua 000 1 eng
010 ## - LIBRARY OF CONGRESS CONTROL NUMBER
LC control number 91052995
020 ## - INTERNATIONAL STANDARD BOOK NUMBER
International Standard Book Number 9780140623192
040 ## - CATALOGING SOURCE
Original cataloging agency DLC
Transcribing agency DLC
Modifying agency OCoLC
-- DLC
043 ## - GEOGRAPHIC AREA CODE
Geographic area code e-uk-en
050 00 - LIBRARY OF CONGRESS CALL NUMBER
Classification number PR4558
Item number .A1 1991b
082 00 - DEWEY DECIMAL CLASSIFICATION NUMBER
Classification number 823.8
Author Mark DIC
100 1# - MAIN ENTRY--PERSONAL NAME
Personal name Dickens, Charles,
Dates associated with a name 1812-1870.
245 10 - TITLE STATEMENT
Title David Copperfield /
Statement of responsibility, etc. Charles Dickens ; with the original illustrations by "Phiz" ; introduced by Michael Slater.
260 ## - PUBLICATION, DISTRIBUTION, ETC.
Place of publication, distribution, etc. New York :
Name of publisher, distributor, etc. Knopf :
-- Distributed by Random House,
Date of publication, distribution, etc. 1994.
300 ## - PHYSICAL DESCRIPTION
Extent 716 p. :
Dimensions 22 cm.
490 0# - SERIES STATEMENT
Series statement Everyman's library ;
Volume/sequential designation 31
650 #0 - SUBJECT ADDED ENTRY--TOPICAL TERM
Topical term or geographic name entry element Boys
Form subdivision Fiction.
650 #0 - SUBJECT ADDED ENTRY--TOPICAL TERM
Topical term or geographic name entry element Orphans
Form subdivision Fiction.
650 #0 - SUBJECT ADDED ENTRY--TOPICAL TERM
Topical term or geographic name entry element Young men
Form subdivision Fiction.
650 #0 - SUBJECT ADDED ENTRY--TOPICAL TERM
Topical term or geographic name entry element Stepfathers
Form subdivision Fiction.
650 #0 - SUBJECT ADDED ENTRY--TOPICAL TERM
Topical term or geographic name entry element Child labor
Form subdivision Fiction.
651 #0 - SUBJECT ADDED ENTRY--GEOGRAPHIC NAME
Geographic name England
Form subdivision Fiction.
655 #7 - INDEX TERM--GENRE/FORM
Genre/form data or focus term Autobiographical fiction.
Source of term gsafd
655 #7 - INDEX TERM--GENRE/FORM
Genre/form data or focus term Bildungsromans.
Source of term gsafd
700 1# - ADDED ENTRY--PERSONAL NAME
Personal name Browne, Hablot Knight,
Dates associated with a name 1815-1882,
Relator term illus.
856 42 - ELECTRONIC LOCATION AND ACCESS
Materials specified Publisher description
Uniform Resource Identifier <a href="http://www.loc.gov/catdir/description/random048/91052995.html">http://www.loc.gov/catdir/description/random048/91052995.html</a>
856 42 - ELECTRONIC LOCATION AND ACCESS
Materials specified Contributor biographical information
Uniform Resource Identifier <a href="http://www.loc.gov/catdir/enhancements/fy0703/91052995-b.html">http://www.loc.gov/catdir/enhancements/fy0703/91052995-b.html</a>
856 41 - ELECTRONIC LOCATION AND ACCESS
Materials specified Sample text
Uniform Resource Identifier <a href="http://www.loc.gov/catdir/enhancements/fy0703/91052995-s.html">http://www.loc.gov/catdir/enhancements/fy0703/91052995-s.html</a>
906 ## - LOCAL DATA ELEMENT F, LDF (RLIN)
a 7
b cbc
c orignew
d 1
e ocip
f 19
g y-gencatlg
942 ## - ADDED ENTRY ELEMENTS (KOHA)
Source of classification or shelving scheme
Koha item type Book
Holdings
Withdrawn status Lost status Source of classification or shelving scheme Damaged status Not for loan Collection code Permanent Location Current Location Shelving location Date acquired Total Checkouts Full call number Barcode Checked out Date last seen Date last checked out Copy number Price effective from Koha item type Total Renewals
            Central Library (CL) Central Library (CL) Fiction 01/31/2017 1 823.8 DIC CL845 12/23/2018 11/23/2018 11/23/2018 1 01/31/2017 Book  
            Central Library (CL) Central Library (CL) Fiction 02/01/2017 8 823.8 DIC CL670   08/27/2025 10/31/2023 2 02/01/2017 Book 9
© 2023 Central Library, National University of Sciences and Technology. All Rights Reserved.